Estadísticas para Cosas que pueden volar

Haz click aquí para intentar la prueba.

Estadísticas generales

  • Esta prueba ha sido intentada 85 veces
    (57 desde el último reinicio)
  • La puntuación promedio es 17 de 22

Estadísticas de respuestas

PistaRespuesta% Correcto
Wilbur y Orville Wright crearon el primero de estos.Avión
96%
Criatura legendaria de gran tamaño capaz de respirar fuegoDragón
96%
Animal que produce mielAbeja
94%
Mujer que puede volar con la ayuda de una escobaBruja
94%
Elefante ficticio con grandes orejas en una película de Walt DisneyDumbo
94%
Mamífero nocturno a veces asociado a los vampirosMurciélago
94%
Bolsa flexible que vuela si se llena de helioGlobo
92%
Oruga adultaMariposa
92%
Superhéroe de ficción cuyo punto débil es la kriptonitaSuperman
90%
Criatura mítica del folclore europeo. Campanita era una de ellas.Hada
88%
Máquina que orbita alrededor de un planeta o una estrellaSatélite
88%
Robot teledirigido. Los pequeños se utilizan como juguetes. Los grandes disparan misiles.Dron
86%
Los teóricos de la conspiración podrían ver uno de estos sobre los cielos del Área 51OVNI
86%
Tipo de avión con 2 o más aspasHelicóptero
80%
Ser espiritual que se cree que actúa como asistente, agente o mensajero de Dios.Ángel
78%
Niñera que vuela con la ayuda de un paraguas mágicoMary Poppins
70%
El ave más rápida del mundoHalcón peregrino
66%
Un dirigible rígido como el Hindenburg, también parte del nombre de una banda británica.Zeppelin
50%
Objeto en el espacio exterior formado por un núcleo de hielo y polvoCometa
40%
Aeronave no rígida utilizada a menudo para hacer publicidad a las multitudes en torno a los estadios.Dirigible
40%
Este pariente de los dinosaurios fue el primer reptil volador descubiertoPterodáctilo
34%
Criatura mítica con cuerpo de león y cabeza y alas de águila, transporte en Harry Potter.Hipogrifo
30%

Distribución de puntuación

Porcentaje por número respondido

Porcentaje de gente con cada puntuación

Historial de tus puntuaciones

No has intentado esta prueba desde el último reinicio